NLSUI OPAC header image

The new legal realism, vol. 1-2 / (Record no. 112869)

MARC details
000 -LEADER
fixed length control field 04054cam a2200349 i 4500
001 - CONTROL NUMBER
control field 18748443
005 - DATE AND TIME OF LATEST TRANSACTION
control field 20260218050025.0
008 - FIXED-LENGTH DATA ELEMENTS--GENERAL INFORMATION
fixed length control field 150818s2016 nyu b 001 0 eng
010 ## - LIBRARY OF CONGRESS CONTROL NUMBER
LC control number 2015032311
020 ## - INTERNATIONAL STANDARD BOOK NUMBER
International Standard Book Number 9781107071131
040 ## - CATALOGING SOURCE
Original cataloging agency DLC
Language of cataloging eng
Transcribing agency DLC
Description conventions rda
Modifying agency DLC
042 ## - AUTHENTICATION CODE
Authentication code pcc
043 ## - GEOGRAPHIC AREA CODE
Geographic area code n-us---
082 ## - DEWEY DECIMAL CLASSIFICATION NUMBER
Classification number 340.10973 MER
245 04 - TITLE STATEMENT
Title The new legal realism, vol. 1-2 /
Statement of responsibility, etc. edited by Elizabeth Mertz et al.
264 #1 - PRODUCTION, PUBLICATION, DISTRIBUTION, MANUFACTURE, AND COPYRIGHT NOTICE
Place of production, publication, distribution, manufacture New York :
Name of producer, publisher, distributor, manufacturer Cambridge University Press,
Date of production, publication, distribution, manufacture, or copyright notice 2016.
300 ## - PHYSICAL DESCRIPTION
Extent 2 volumes ;
Dimensions 24 cm
505 0# - FORMATTED CONTENTS NOTE
Formatted contents note volume I. Translating law-and-society for today's legal practice / edited by Elizabeth Mertz (American Bar Foundation and University of Wisconsin School of Law), Stewart Macaulay (University of Wisconsin, Madison), Thomas W. Mitchell (Texas A&M University School of Law and Texas A&M Department of Agricultural Economics). Preface / Michael McCann -- Introduction : new legal realism : law and social science in the new millennium / Elizabeth Mertz -- A new legal realism : elegant models and the messy law in action / Stewart Macaulay -- Putting the "real world" into traditional classroom teaching / Jane H. Aiken and Ann Shalleck -- Some realism about realism in teaching about the legal profession / Ann Southworth, Bryant Garth, and Catherine Fisk -- "Fielding" legal realism : law students as participant- observers? / Riaz Tejani -- Legal r/realism and jurisprudence : ten theses / William Twining -- Legal realism in context / Brian Z. Tamanaha -- Legal storytelling as a variety of legal realism / Robert W. Gordon -- Combining methods for a new synthesis in law and empirical research / Elizabeth Mertz and Katherine Barnes -- New legal realism and inequality / Thomas W. Mitchell -- The financial crisis and moral accountability : translating practices of risk, profit and uncertainty / Alex Tham -- The moment of possibles : some new legal realism about a "reality thriller" case / Hadi Nicholas Deeb -- Translating law across cultures and societies : a conversation with David Bellos and Kim Lane Scheppele / David Bellos and Kim Lane Scheppele -- Is there a lingua franca for the American legal academy? / Mary Anne Case.
505 0# - FORMATTED CONTENTS NOTE
Formatted contents note volume II. Studying law globally / edited by Heinz Klug (University of Wisconsin School of Law) and Sally Engle Merry (New York University). Preface / Michael McCann -- Introduction / Heinz Klug and Sally Engle Merry -- African constitutionalism from the bottom-up / Martin Chanock -- Human rights monitoring, state compliance, and the problem of information / Sally Engle Merry -- Intellectual property and the creation of global rules / Susan K. Sell -- Colonizing the clinic : the adventures of law in HIV treatment and research / Carol A. Heimer and Jaimie Morse -- The politics of Islamic law and human rights : Sudan's rival legal systems / Mark Fathi Massoud -- Women seeking justice at the intersection between vernacular and state laws and courts in rural KwaZulu-Natal, South Africa / Sindiso Mnisi Weeks -- New legal realism and international law / Gregory Shaffer -- The deconstruction of offshore / Sol Picciotto -- The changing role of lawyers in China : state bureaucrats, market brokers, and political activists / Sida Liu -- The irreconcilable goals of transitional justice / Bronwyn Leebaw -- Pushing states to prosecute atrocity : the Inter-American Court and positive complementarity / Alexandra Huneeus -- When law and social science diverge : causation in the international law of incitement to commit genocide / Richard A. Wilson.
650 #0 - SUBJECT ADDED ENTRY--TOPICAL TERM
Topical term or geographic name entry element Law
Geographic subdivision United States
General subdivision Philosophy.
650 #0 - SUBJECT ADDED ENTRY--TOPICAL TERM
Topical term or geographic name entry element Realism.
650 #0 - SUBJECT ADDED ENTRY--TOPICAL TERM
Topical term or geographic name entry element Law
General subdivision Study and teaching
Geographic subdivision United States.
653 ## - INDEX TERM--UNCONTROLLED
Uncontrolled term New Legal Realism
700 1# - ADDED ENTRY--PERSONAL NAME
Personal name Macaulay, Stewart
700 1# - ADDED ENTRY--PERSONAL NAME
Personal name Mertz, Elizabeth
700 1# - ADDED ENTRY--PERSONAL NAME
Personal name Mitchell, Thomas W
700 1# - ADDED ENTRY--PERSONAL NAME
Personal name Klug, Heinz
700 1# - ADDED ENTRY--PERSONAL NAME
Personal name Merry, Sally Engle
906 ## - LOCAL DATA ELEMENT F, LDF (RLIN)
a 7
b cbc
c orignew
d 1
e ecip
f 20
g y-gencatlg
942 ## - ADDED ENTRY ELEMENTS (KOHA)
Source of classification or shelving scheme Dewey Decimal Classification
Koha item type BOOKs
Holdings
Withdrawn status Lost status Source of classification or shelving scheme Materials specified (bound volume or other part) Damaged status Not for loan Home library Current library Shelving location Date acquired Source of acquisition Coded location qualifier Total Checkouts Full call number Barcode Date last seen Date last checked out Price effective from Koha item type
    Dewey Decimal Classification HB     . . General Stacks 08.03.2018 Purchased MPPSECTION 1 340.10973 MER-I 36010 01.07.2022 16.10.2020 08.03.2019 BOOKs
    Dewey Decimal Classification HB     . . General Stacks 08.03.2018 Purchased MPPSECTION 1 340.10973 MER-II 36011 01.07.2022 16.10.2020 08.03.2019 BOOKs